000
00488nam a2200145Ia 4500
008
100122s9999 xx 000 0 und d
082
_b
13612
_a
821
100
_a
शेणोलीकर इ श्री
245
_a
नामयाची अमृतवाणी
260
_b
व्हीनस प्रकाशन
_c
1966
300
_a
268
630
_a
नामयाची अमृतवाणी
730
_a
नामयाची अमृतवाणी
942
_c
BOOK
999
_c
404415
_d
404412